<?xml version="1.0" encoding="UTF-8"?>
<record
    xmlns:xsi="http://www.w3.org/2001/XMLSchema-instance"
    xsi:schemaLocation="http://www.loc.gov/MARC21/slim http://www.loc.gov/standards/marcxml/schema/MARC21slim.xsd"
    xmlns="http://www.loc.gov/MARC21/slim">

  <leader>02976nam a2200397 i 4500</leader>
  <controlfield tag="003">EG-ScBUE</controlfield>
  <controlfield tag="005">20250924144106.0</controlfield>
  <controlfield tag="008">181119s2025    ua     f      000 0 ara d</controlfield>
  <datafield tag="040" ind1=" " ind2=" ">
    <subfield code="a">EG-ScBUE</subfield>
    <subfield code="b">ara</subfield>
    <subfield code="e">rda</subfield>
    <subfield code="c">EG-ScBUE</subfield>
    <subfield code="d">EG-ScBUE</subfield>
  </datafield>
  <datafield tag="043" ind1=" " ind2=" ">
    <subfield code="a">f-ua---</subfield>
  </datafield>
  <datafield tag="082" ind1="0" ind2="4">
    <subfield code="a">346.62015</subfield>
    <subfield code="b">&#x628; &#x643; &#x631;</subfield>
    <subfield code="2">22</subfield>
  </datafield>
  <datafield tag="100" ind1="1" ind2=" ">
    <subfield code="a">&#x628;&#x643;&#x631;&#x64A; &#x60C; &#x645;&#x62D;&#x645;&#x62F; &#x639;&#x632;&#x645;&#x64A; &#x60C; </subfield>
    <subfield code="e">&#x645;&#x624;&#x644;&#x641;</subfield>
  </datafield>
  <datafield tag="245" ind1="1" ind2="0">
    <subfield code="a">&#x641;&#x64A; &#x627;&#x644;&#x623;&#x62D;&#x648;&#x627;&#x644; &#x627;&#x644;&#x634;&#x62E;&#x635;&#x64A;&#x629; /</subfield>
    <subfield code="c">&#x627;&#x644;&#x645;&#x633;&#x62A;&#x634;&#x627;&#x631; &#x627;&#x644;&#x62F;&#x643;&#x62A;&#x648;&#x631; &#x645;&#x62D;&#x645;&#x62F; &#x639;&#x632;&#x645;&#x64A; &#x627;&#x644;&#x628;&#x643;&#x631;&#x64A; &#x631;&#x626;&#x64A;&#x633; &#x645;&#x62D;&#x643;&#x645;&#x629; &#x627;&#x633;&#x62A;&#x626;&#x646;&#x627;&#x641; &#x628;&#x646;&#x64A; &#x633;&#x648;&#x64A;&#x641; &#x648; &#x639;&#x636;&#x648; &#x645;&#x62C;&#x644;&#x633; &#x631;&#x624;&#x633;&#x627;&#x621; &#x645;&#x62D;&#x627;&#x643;&#x645; &#x627;&#x644;&#x627;&#x633;&#x62A;&#x626;&#x646;&#x627;&#x641; &#x633;&#x627;&#x628;&#x642;&#x627;</subfield>
  </datafield>
  <datafield tag="246" ind1="3" ind2="0">
    <subfield code="a">&#x627;&#x644;&#x623;&#x62D;&#x648;&#x627;&#x644; &#x627;&#x644;&#x634;&#x62E;&#x635;&#x64A;&#x629;</subfield>
  </datafield>
  <datafield tag="250" ind1=" " ind2=" ">
    <subfield code="a">&#x637;&#x628;&#x639;&#x629; 2025-2026.</subfield>
  </datafield>
  <datafield tag="260" ind1=" " ind2=" ">
    <subfield code="c">[2017]</subfield>
  </datafield>
  <datafield tag="264" ind1=" " ind2="1">
    <subfield code="a">&#x627;&#x644;&#x642;&#x627;&#x647;&#x631;&#x629; :</subfield>
    <subfield code="b">&#x62F;&#x627;&#x631; &#x645;&#x62D;&#x645;&#x648;&#x62F; &#x644;&#x644;&#x646;&#x634;&#x631; &#x648;&#x627;&#x644;&#x62A;&#x648;&#x632;&#x64A;&#x639;&#x60C;</subfield>
    <subfield code="c">2025.</subfield>
  </datafield>
  <datafield tag="300" ind1=" " ind2=" ">
    <subfield code="a">6 &#x645;&#x62C;&#x644;&#x62F;&#x627;&#x62A; &#x61B;</subfield>
    <subfield code="c">24 &#x633;&#x645;.</subfield>
  </datafield>
  <datafield tag="336" ind1=" " ind2=" ">
    <subfield code="2">rdacontent</subfield>
    <subfield code="a">&#x646;&#x635;</subfield>
    <subfield code="b">txt</subfield>
  </datafield>
  <datafield tag="337" ind1=" " ind2=" ">
    <subfield code="2">rdamedia</subfield>
    <subfield code="a">&#x628;&#x62F;&#x648;&#x646; &#x648;&#x633;&#x64A;&#x637;</subfield>
    <subfield code="b">n</subfield>
  </datafield>
  <datafield tag="338" ind1=" " ind2=" ">
    <subfield code="2">rdacarrier</subfield>
    <subfield code="a">&#x645;&#x62C;&#x644;&#x62F;</subfield>
    <subfield code="b">nc</subfield>
  </datafield>
  <datafield tag="490" ind1="0" ind2=" ">
    <subfield code="a">&#x645;&#x648;&#x633;&#x648;&#x639;&#x629; &#x627;&#x644;&#x641;&#x642;&#x647; &#x648;&#x627;&#x644;&#x642;&#x636;&#x627;&#x621;</subfield>
  </datafield>
  <datafield tag="500" ind1=" " ind2=" ">
    <subfield code="a">&#x64A;&#x648;&#x62C;&#x62F; &#x637;&#x628;&#x639;&#x629; &#x623;&#x62E;&#x631;&#x649; &#x645;&#x646; &#x627;&#x644;&#x643;&#x62A;&#x627;&#x628;.</subfield>
  </datafield>
  <datafield tag="504" ind1=" " ind2=" ">
    <subfield code="a">&#x64A;&#x634;&#x62A;&#x645;&#x644; &#x639;&#x644;&#x649; &#x625;&#x631;&#x62C;&#x627;&#x639;&#x627;&#x62A; &#x628;&#x628;&#x644;&#x64A;&#x648;&#x62C;&#x631;&#x627;&#x641;&#x64A;&#x629;.</subfield>
  </datafield>
  <datafield tag="505" ind1="0" ind2=" ">
    <subfield code="a">&#x627;&#x644;&#x645;&#x62C;&#x644;&#x62F; &#x627;&#x644;&#x623;&#x648;&#x644;. &#x627;&#x644;&#x62E;&#x637;&#x628;&#x629; - &#x623;&#x631;&#x643;&#x627;&#x646; &#x639;&#x642;&#x62F; &#x627;&#x644;&#x632;&#x648;&#x627;&#x62C; - &#x634;&#x631;&#x648;&#x637; &#x627;&#x646;&#x639;&#x642;&#x627;&#x62F; &#x627;&#x644;&#x632;&#x648;&#x627;&#x62C; &#x648;&#x635;&#x62D;&#x629; &#x644;&#x632;&#x648;&#x645;&#x647; &#x648;&#x646;&#x641;&#x627;&#x630;&#x647; - &#x625;&#x62B;&#x628;&#x627;&#x62A; &#x627;&#x644;&#x632;&#x648;&#x627;&#x62C; - &#x627;&#x644;&#x645;&#x647;&#x631; - &#x62C;&#x647;&#x627;&#x632; &#x645;&#x633;&#x643;&#x646; &#x627;&#x644;&#x632;&#x648;&#x62C;&#x64A;&#x629; -- &#x627;&#x644;&#x645;&#x62C;&#x644;&#x62F; &#x627;&#x644;&#x62B;&#x627;&#x646;&#x64A;. &#x637;&#x627;&#x639;&#x629; &#x627;&#x644;&#x632;&#x648;&#x62C;&#x629; - &#x627;&#x644;&#x627;&#x639;&#x62A;&#x631;&#x627;&#x636; &#x639;&#x644;&#x649; &#x625;&#x646;&#x630;&#x627;&#x631; &#x627;&#x644;&#x637;&#x627;&#x639;&#x629; - &#x627;&#x644;&#x646;&#x641;&#x642;&#x629; &#x627;&#x644;&#x632;&#x648;&#x62C;&#x64A;&#x629; - &#x645;&#x646;&#x627;&#x632;&#x639;&#x627;&#x62A; &#x627;&#x644;&#x633;&#x641;&#x631; &#x625;&#x644;&#x649; &#x627;&#x644;&#x62E;&#x627;&#x631;&#x62C; - &#x646;&#x641;&#x642;&#x629; &#x627;&#x644;&#x639;&#x62F;&#x629; - &#x627;&#x644;&#x62D;&#x628;&#x633; &#x641;&#x64A; &#x62F;&#x64A;&#x646; &#x627;&#x644;&#x646;&#x641;&#x642;&#x629; &#x648;&#x62C;&#x631;&#x64A;&#x645;&#x629; &#x647;&#x62C;&#x631; &#x627;&#x644;&#x639;&#x627;&#x626;&#x644;&#x629; - &#x627;&#x644;&#x62D;&#x62C;&#x632; &#x639;&#x644;&#x649; &#x627;&#x644;&#x623;&#x62C;&#x648;&#x631; &#x648;&#x627;&#x644;&#x645;&#x631;&#x62A;&#x628;&#x627;&#x62A; &#x648;&#x641;&#x627;&#x621; &#x644;&#x62F;&#x64A;&#x648;&#x646; &#x627;&#x644;&#x646;&#x641;&#x642;&#x629; - &#x648;&#x641;&#x627;&#x621; &#x628;&#x646;&#x643; &#x646;&#x627;&#x635;&#x631; &#x644;&#x62F;&#x64A;&#x648;&#x646; &#x627;&#x644;&#x646;&#x641;&#x642;&#x629; -- &#x627;&#x644;&#x645;&#x62C;&#x644;&#x62F; &#x627;&#x644;&#x62B;&#x627;&#x644;&#x62B;. &#x646;&#x641;&#x642;&#x629; &#x627;&#x644;&#x635;&#x63A;&#x627;&#x631; - &#x627;&#x644;&#x625;&#x631;&#x636;&#x627;&#x639; - &#x627;&#x644;&#x62D;&#x636;&#x627;&#x646;&#x629; - &#x645;&#x633;&#x643;&#x646; &#x627;&#x644;&#x62D;&#x636;&#x627;&#x646;&#x629; - &#x631;&#x624;&#x64A;&#x629; &#x627;&#x644;&#x635;&#x63A;&#x64A;&#x631; - &#x646;&#x641;&#x642;&#x629; &#x627;&#x644;&#x623;&#x642;&#x627;&#x631;&#x628; - &#x645;&#x62A;&#x639;&#x629; &#x627;&#x644;&#x645;&#x637;&#x644;&#x642;&#x629; - &#x627;&#x644;&#x646;&#x633;&#x628; - &#x627;&#x644;&#x644;&#x642;&#x64A;&#x637; - &#x627;&#x644;&#x645;&#x641;&#x642;&#x648;&#x62F; -- &#x627;&#x644;&#x645;&#x62C;&#x644;&#x62F; &#x627;&#x644;&#x631;&#x627;&#x628;&#x639;. &#x627;&#x644;&#x637;&#x644;&#x627;&#x642; - &#x623;&#x633;&#x628;&#x627;&#x628; &#x627;&#x644;&#x62A;&#x637;&#x644;&#x64A;&#x642; - &#x627;&#x644;&#x62E;&#x644;&#x639; - &#x627;&#x644;&#x639;&#x62F;&#x629; -- &#x627;&#x644;&#x645;&#x62C;&#x644;&#x62F; &#x627;&#x644;&#x62E;&#x627;&#x645;&#x633;. &#x635;&#x64A;&#x63A; &#x62F;&#x639;&#x627;&#x648;&#x649; &#x627;&#x644;&#x623;&#x62D;&#x648;&#x627;&#x644; &#x627;&#x644;&#x634;&#x62E;&#x635;&#x64A;&#x629; &#x645;&#x639;&#x644;&#x642;&#x627; &#x639;&#x644;&#x64A;&#x647;&#x627; &#x628;&#x627;&#x644;&#x623;&#x62D;&#x643;&#x627;&#x645; &#x627;&#x644;&#x645;&#x648;&#x636;&#x648;&#x639;&#x64A;&#x629; &#x648;&#x625;&#x62C;&#x631;&#x627;&#x621;&#x627;&#x62A; &#x627;&#x644;&#x62A;&#x642;&#x627;&#x636;&#x64A; &#x623;&#x645;&#x627;&#x645; &#x627;&#x644;&#x645;&#x62D;&#x627;&#x643;&#x645; -- &#x627;&#x644;&#x645;&#x62C;&#x644;&#x62F; &#x627;&#x644;&#x633;&#x627;&#x62F;&#x633;. &#x627;&#x644;&#x62A;&#x639;&#x644;&#x64A;&#x642; &#x639;&#x644;&#x649; &#x642;&#x627;&#x646;&#x648;&#x646; &#x625;&#x646;&#x634;&#x627;&#x621; &#x645;&#x62D;&#x627;&#x643;&#x645; &#x627;&#x644;&#x623;&#x633;&#x631;&#x629;</subfield>
  </datafield>
  <datafield tag="650" ind1=" " ind2="7">
    <subfield code="a">&#x627;&#x644;&#x623;&#x62D;&#x648;&#x627;&#x644; &#x627;&#x644;&#x634;&#x62E;&#x635;&#x64A;&#x629;</subfield>
    <subfield code="x">&#x642;&#x648;&#x627;&#x646;&#x64A;&#x646; &#x648;&#x62A;&#x634;&#x631;&#x64A;&#x639;&#x627;&#x62A;</subfield>
    <subfield code="z">&#x645;&#x635;&#x631;.</subfield>
    <subfield code="2">BUEsh</subfield>
  </datafield>
  <datafield tag="650" ind1=" " ind2="7">
    <subfield code="a">&#x627;&#x644;&#x632;&#x648;&#x627;&#x62C;</subfield>
    <subfield code="x">&#x642;&#x648;&#x627;&#x646;&#x64A;&#x646; &#x648;&#x62A;&#x634;&#x631;&#x64A;&#x639;&#x627;&#x62A;</subfield>
    <subfield code="z">&#x645;&#x635;&#x631;.</subfield>
    <subfield code="2">BUEsh</subfield>
  </datafield>
  <datafield tag="650" ind1=" " ind2="7">
    <subfield code="a">&#x627;&#x644;&#x639;&#x644;&#x627;&#x642;&#x627;&#x62A; &#x627;&#x644;&#x623;&#x633;&#x631;&#x64A;&#x629;</subfield>
    <subfield code="x">&#x642;&#x648;&#x627;&#x646;&#x64A;&#x646; &#x648;&#x62A;&#x634;&#x631;&#x64A;&#x639;&#x627;&#x62A;</subfield>
    <subfield code="z">&#x645;&#x635;&#x631;.</subfield>
    <subfield code="2">BUEsh</subfield>
  </datafield>
  <datafield tag="650" ind1=" " ind2="7">
    <subfield code="a">&#x627;&#x644;&#x623;&#x62D;&#x648;&#x627;&#x644; &#x627;&#x644;&#x634;&#x62E;&#x635;&#x64A;&#x629; (&#x641;&#x642;&#x647; &#x625;&#x633;&#x644;&#x627;&#x645;&#x64A;)</subfield>
    <subfield code="2">BUEsh</subfield>
    <subfield code="9">41147</subfield>
  </datafield>
  <datafield tag="650" ind1=" " ind2="7">
    <subfield code="a">&#x627;&#x644;&#x632;&#x648;&#x627;&#x62C; (&#x641;&#x642;&#x647; &#x625;&#x633;&#x644;&#x627;&#x645;&#x64A;)</subfield>
    <subfield code="2">BUEsh</subfield>
  </datafield>
  <datafield tag="650" ind1=" " ind2="7">
    <subfield code="a">&#x627;&#x644;&#x637;&#x644;&#x627;&#x642; (&#x641;&#x642;&#x647; &#x625;&#x633;&#x644;&#x627;&#x645;&#x64A;)</subfield>
    <subfield code="2">BUEsh</subfield>
  </datafield>
  <datafield tag="651" ind1=" " ind2=" ">
    <subfield code="2">BUEsh</subfield>
  </datafield>
  <datafield tag="653" ind1=" " ind2=" ">
    <subfield code="b">LLAAWW</subfield>
    <subfield code="c">November2018</subfield>
    <subfield code="c">December2018</subfield>
  </datafield>
  <datafield tag="655" ind1=" " ind2=" ">
    <subfield code="v">Reading book</subfield>
  </datafield>
  <datafield tag="942" ind1=" " ind2=" ">
    <subfield code="2">ddc</subfield>
  </datafield>
  <datafield tag="999" ind1=" " ind2=" ">
    <subfield code="c">27016</subfield>
    <subfield code="d">26988</subfield>
  </datafield>
  <datafield tag="952" ind1=" " ind2=" ">
    <subfield code="0">0</subfield>
    <subfield code="1">0</subfield>
    <subfield code="2">ddc</subfield>
    <subfield code="4">0</subfield>
    <subfield code="7">0</subfield>
    <subfield code="8">Baccah</subfield>
    <subfield code="a">MAIN</subfield>
    <subfield code="b">MAIN</subfield>
    <subfield code="c">1ST</subfield>
    <subfield code="d">2018-11-19</subfield>
    <subfield code="e">Purchase</subfield>
    <subfield code="o">346.62015 &#x628; &#x643; &#x631;</subfield>
    <subfield code="p">000057380</subfield>
    <subfield code="r">2025-09-24 00:00:00</subfield>
    <subfield code="s">2018-11-21</subfield>
    <subfield code="x">Replaced from 000043999</subfield>
    <subfield code="y">BB</subfield>
    <subfield code="z">&#x627;&#x644;&#x645;&#x62C;&#x644;&#x62F; &#x627;&#x644;&#x623;&#x648;&#x644; 2025</subfield>
  </datafield>
  <datafield tag="952" ind1=" " ind2=" ">
    <subfield code="0">0</subfield>
    <subfield code="1">0</subfield>
    <subfield code="2">ddc</subfield>
    <subfield code="4">0</subfield>
    <subfield code="7">0</subfield>
    <subfield code="8">Baccah</subfield>
    <subfield code="a">MAIN</subfield>
    <subfield code="b">MAIN</subfield>
    <subfield code="c">1ST</subfield>
    <subfield code="d">2018-11-19</subfield>
    <subfield code="e">Purchase</subfield>
    <subfield code="o">346.62015 &#x628; &#x643; &#x631;</subfield>
    <subfield code="p">000057379</subfield>
    <subfield code="r">2026-04-28 00:00:00</subfield>
    <subfield code="s">2026-04-20</subfield>
    <subfield code="x">Replaced from 000044000</subfield>
    <subfield code="y">BB</subfield>
    <subfield code="z">&#x627;&#x644;&#x645;&#x62C;&#x644;&#x62F; &#x627;&#x644;&#x62B;&#x627;&#x646;&#x64A; 2025</subfield>
  </datafield>
  <datafield tag="952" ind1=" " ind2=" ">
    <subfield code="0">0</subfield>
    <subfield code="1">0</subfield>
    <subfield code="2">ddc</subfield>
    <subfield code="4">0</subfield>
    <subfield code="7">0</subfield>
    <subfield code="8">Baccah</subfield>
    <subfield code="a">MAIN</subfield>
    <subfield code="b">MAIN</subfield>
    <subfield code="c">1ST</subfield>
    <subfield code="d">2018-11-19</subfield>
    <subfield code="e">Purchase</subfield>
    <subfield code="o">346.62015 &#x628; &#x643; &#x631;</subfield>
    <subfield code="p">000057381</subfield>
    <subfield code="r">2026-04-29 00:00:00</subfield>
    <subfield code="s">2026-04-19</subfield>
    <subfield code="x">Replaced from 000044001</subfield>
    <subfield code="y">BB</subfield>
    <subfield code="z">&#x627;&#x644;&#x645;&#x62C;&#x644;&#x62F; &#x627;&#x644;&#x62B;&#x627;&#x644;&#x62B; 2025</subfield>
  </datafield>
  <datafield tag="952" ind1=" " ind2=" ">
    <subfield code="0">0</subfield>
    <subfield code="1">0</subfield>
    <subfield code="2">ddc</subfield>
    <subfield code="4">0</subfield>
    <subfield code="7">0</subfield>
    <subfield code="8">Baccah</subfield>
    <subfield code="a">MAIN</subfield>
    <subfield code="b">MAIN</subfield>
    <subfield code="c">1ST</subfield>
    <subfield code="d">2018-11-19</subfield>
    <subfield code="e">Purchase</subfield>
    <subfield code="o">346.62015 &#x628; &#x643; &#x631;</subfield>
    <subfield code="p">000057382</subfield>
    <subfield code="r">2026-05-14 12:49:59</subfield>
    <subfield code="s">2026-04-19</subfield>
    <subfield code="x">Replaced from 000044002</subfield>
    <subfield code="y">BB</subfield>
    <subfield code="z">&#x627;&#x644;&#x645;&#x62C;&#x644;&#x62F; &#x627;&#x644;&#x631;&#x627;&#x628;&#x639; 2025</subfield>
  </datafield>
  <datafield tag="952" ind1=" " ind2=" ">
    <subfield code="0">0</subfield>
    <subfield code="1">0</subfield>
    <subfield code="2">ddc</subfield>
    <subfield code="4">0</subfield>
    <subfield code="7">0</subfield>
    <subfield code="8">Baccah</subfield>
    <subfield code="a">MAIN</subfield>
    <subfield code="b">MAIN</subfield>
    <subfield code="c">1ST</subfield>
    <subfield code="d">2018-11-19</subfield>
    <subfield code="e">Purchase</subfield>
    <subfield code="o">346.62015 &#x628; &#x643; &#x631;</subfield>
    <subfield code="p">000057383</subfield>
    <subfield code="r">2026-04-29 00:00:00</subfield>
    <subfield code="s">2026-04-19</subfield>
    <subfield code="x">Replaced from 000044003</subfield>
    <subfield code="y">BB</subfield>
    <subfield code="z">&#x627;&#x644;&#x645;&#x62C;&#x644;&#x62F; &#x627;&#x644;&#x62E;&#x627;&#x645;&#x633; 2025</subfield>
  </datafield>
  <datafield tag="952" ind1=" " ind2=" ">
    <subfield code="0">0</subfield>
    <subfield code="1">0</subfield>
    <subfield code="2">ddc</subfield>
    <subfield code="4">0</subfield>
    <subfield code="7">0</subfield>
    <subfield code="8">Baccah</subfield>
    <subfield code="a">MAIN</subfield>
    <subfield code="b">MAIN</subfield>
    <subfield code="c">1ST</subfield>
    <subfield code="d">2018-11-19</subfield>
    <subfield code="e">Purchase</subfield>
    <subfield code="o">346.62015 &#x628; &#x643; &#x631;</subfield>
    <subfield code="p">000057384</subfield>
    <subfield code="r">2025-07-15 00:00:00</subfield>
    <subfield code="s">2023-11-12</subfield>
    <subfield code="x">Replaced from 000044004</subfield>
    <subfield code="y">BB</subfield>
    <subfield code="z">&#x627;&#x644;&#x645;&#x62C;&#x644;&#x62F; &#x627;&#x644;&#x633;&#x627;&#x62F;&#x633; 2025</subfield>
  </datafield>
  <datafield tag="952" ind1=" " ind2=" ">
    <subfield code="0">0</subfield>
    <subfield code="1">0</subfield>
    <subfield code="2">ddc</subfield>
    <subfield code="4">0</subfield>
    <subfield code="7">0</subfield>
    <subfield code="8">Baccah</subfield>
    <subfield code="a">MAIN</subfield>
    <subfield code="b">MAIN</subfield>
    <subfield code="c">1ST</subfield>
    <subfield code="d">2018-12-11</subfield>
    <subfield code="e">Purchase</subfield>
    <subfield code="o">346.62015 &#x628; &#x643; &#x631;</subfield>
    <subfield code="p">000044058</subfield>
    <subfield code="r">2026-04-21 00:00:00</subfield>
    <subfield code="y">BB</subfield>
    <subfield code="z">&#x645;&#x62C;. 1</subfield>
  </datafield>
  <datafield tag="952" ind1=" " ind2=" ">
    <subfield code="0">0</subfield>
    <subfield code="1">0</subfield>
    <subfield code="2">ddc</subfield>
    <subfield code="4">0</subfield>
    <subfield code="7">0</subfield>
    <subfield code="8">Baccah</subfield>
    <subfield code="a">MAIN</subfield>
    <subfield code="b">MAIN</subfield>
    <subfield code="c">1ST</subfield>
    <subfield code="d">2018-12-11</subfield>
    <subfield code="e">Purchase</subfield>
    <subfield code="o">346.62015 &#x628; &#x643; &#x631;</subfield>
    <subfield code="p">000044059</subfield>
    <subfield code="r">2025-07-15 00:00:00</subfield>
    <subfield code="y">BB</subfield>
    <subfield code="z">&#x645;&#x62C;. 2</subfield>
  </datafield>
  <datafield tag="952" ind1=" " ind2=" ">
    <subfield code="0">0</subfield>
    <subfield code="1">0</subfield>
    <subfield code="2">ddc</subfield>
    <subfield code="4">0</subfield>
    <subfield code="7">0</subfield>
    <subfield code="8">Baccah</subfield>
    <subfield code="a">MAIN</subfield>
    <subfield code="b">MAIN</subfield>
    <subfield code="c">1ST</subfield>
    <subfield code="d">2018-12-11</subfield>
    <subfield code="e">Purchase</subfield>
    <subfield code="o">346.62015 &#x628; &#x643; &#x631;</subfield>
    <subfield code="p">000044060</subfield>
    <subfield code="r">2026-04-21 00:00:00</subfield>
    <subfield code="s">2026-04-19</subfield>
    <subfield code="y">BB</subfield>
    <subfield code="z">&#x645;&#x62C;. 3</subfield>
  </datafield>
  <datafield tag="952" ind1=" " ind2=" ">
    <subfield code="0">0</subfield>
    <subfield code="1">0</subfield>
    <subfield code="2">ddc</subfield>
    <subfield code="4">0</subfield>
    <subfield code="7">0</subfield>
    <subfield code="8">Baccah</subfield>
    <subfield code="a">MAIN</subfield>
    <subfield code="b">MAIN</subfield>
    <subfield code="c">1ST</subfield>
    <subfield code="d">2018-12-11</subfield>
    <subfield code="e">Purchase</subfield>
    <subfield code="o">346.62015 &#x628; &#x643; &#x631;</subfield>
    <subfield code="p">000044061</subfield>
    <subfield code="r">2026-04-28 00:00:00</subfield>
    <subfield code="s">2026-04-20</subfield>
    <subfield code="y">BB</subfield>
    <subfield code="z">&#x645;&#x62C;. 4</subfield>
  </datafield>
  <datafield tag="952" ind1=" " ind2=" ">
    <subfield code="0">0</subfield>
    <subfield code="1">0</subfield>
    <subfield code="2">ddc</subfield>
    <subfield code="4">0</subfield>
    <subfield code="7">0</subfield>
    <subfield code="8">Baccah</subfield>
    <subfield code="a">MAIN</subfield>
    <subfield code="b">MAIN</subfield>
    <subfield code="c">1ST</subfield>
    <subfield code="d">2018-12-11</subfield>
    <subfield code="e">Purchase</subfield>
    <subfield code="o">346.62015 &#x628; &#x643; &#x631;</subfield>
    <subfield code="p">000044062</subfield>
    <subfield code="r">2025-07-15 00:00:00</subfield>
    <subfield code="y">BB</subfield>
    <subfield code="z">&#x645;&#x62C;. 5</subfield>
  </datafield>
  <datafield tag="952" ind1=" " ind2=" ">
    <subfield code="0">0</subfield>
    <subfield code="1">0</subfield>
    <subfield code="2">ddc</subfield>
    <subfield code="4">0</subfield>
    <subfield code="7">0</subfield>
    <subfield code="8">Baccah</subfield>
    <subfield code="a">MAIN</subfield>
    <subfield code="b">MAIN</subfield>
    <subfield code="c">1ST</subfield>
    <subfield code="d">2018-12-11</subfield>
    <subfield code="e">Purchase</subfield>
    <subfield code="o">346.62015 &#x628; &#x643; &#x631;</subfield>
    <subfield code="p">000044063</subfield>
    <subfield code="r">2025-07-15 00:00:00</subfield>
    <subfield code="y">BB</subfield>
    <subfield code="z">&#x645;&#x62C;. 6</subfield>
  </datafield>
</record>
